|
|
|
|
| LEADER |
00000nam0a2200000 4500 |
| 001 |
275734 |
| 005 |
20231031230808.0 |
| 035 |
|
|
|a (RuTPU)RU\TPU\book\298984
|
| 090 |
|
|
|a 275734
|
| 100 |
|
|
|a 20141117d1985 k y0rusy50 ca
|
| 101 |
0 |
|
|a rus
|
| 102 |
|
|
|a UA
|
| 105 |
|
|
|a y g 001zy
|
| 200 |
1 |
|
|a Справочник по экономии топливно-энергетических ресурсов
|f В. А. Гольстрем, Ю. Л. Кузнецов
|
| 210 |
|
|
|a Киев
|d 1985
|c Технiка
|
| 215 |
|
|
|a 383 с.
|
| 320 |
|
|
|a Библиогр.: с. 375-379
|
| 320 |
|
|
|a Предметный указатель: с. 379-380
|
| 606 |
1 |
|
|a Энергетические предприятия
|2 stltpush
|3 (RuTPU)RU\TPU\subj\21239
|
| 610 |
1 |
|
|a справочники
|
| 610 |
1 |
|
|a топливно-энергетические ресурсы
|
| 610 |
1 |
|
|a экономия
|
| 610 |
1 |
|
|a эффективность
|
| 610 |
1 |
|
|a топливо
|
| 610 |
1 |
|
|a электроэнергия
|
| 610 |
1 |
|
|a технические решения
|
| 610 |
1 |
|
|a вторичные энергоресурсы
|
| 610 |
1 |
|
|a жилищно-коммунальное хозяйство
|
| 610 |
1 |
|
|a нормирование
|
| 675 |
|
|
|a 620.9.004(035)
|v 3
|
| 700 |
|
1 |
|a Гольстрем
|b В. А.
|
| 701 |
|
1 |
|a Кузнецов
|b Ю. Л.
|
| 801 |
|
1 |
|a RU
|b 63413507
|c 20141117
|
| 801 |
|
2 |
|a RU
|b 63413507
|c 20170127
|g RCR
|
| 942 |
|
|
|c BK
|